LEADER 00946cam0-2200337---450- 001 990008690850403321 005 20130516112112.0 010 $a88-8353-095-0 035 $a000869085 035 $aFED01000869085 035 $a(Aleph)000869085FED01 035 $a000869085 100 $a20080723d2001----km-y0itay50------ba 101 0 $aita 102 $aIT 105 $aa-------001yy 200 1 $aPeriferia italiana$fRoberto Bellicini, Richard Ingersoll 210 $aRoma$cMeltemi$dc2001 215 $a118 p.$cill.$d19 cm 225 1 $aBabele$v4 610 0 $aPeriferie$aSistemazione urbanistica$aItalia 676 $a711.40945$v21$zita 700 1$aBellicini,$bLorenzo$0247994 701 1$aIngersoll,$bRichard$038581 801 0$aIT$bUNINA$gREICAT$2UNIMARC 901 $aBK 912 $a990008690850403321 952 $a2365 sez. Andriello$b2365$fDARPU 959 $aDARPU 996 $aPeriferia italiana$9718924 997 $aUNINA LEADER 01525nam 2200457 450 001 9910794967603321 005 20230808205711.0 010 $a3-7369-8347-6 035 $a(CKB)4340000000200845 035 $a(MiAaPQ)EBC5022917 035 $a(EXLCZ)994340000000200845 100 $a20170928h20162016 uy 0 101 0 $ager 135 $aurcnu|||||||| 181 $2rdacontent 182 $2rdamedia 183 $2rdacarrier 200 10$aSynthese und in vivo Screening einer Bibliothek zellpenetrierender Peptoide zur Isolation organspezifischer Transportmoleku?le /$fvon Franziska Ro?nicke 205 $a1. Auflage. 210 1$aGo?ttingen, [Germany] :$cCuvillier Verlag,$d2016. 210 4$dİ2016 215 $a1 online resource (190 pages) $cillustrations (some color) 311 $a3-7369-9347-1 320 $aIncludes bibliographical references. 606 $aMicrobial growth 606 $aMolecular biology 606 $aMicroorganisms$xDevelopment 606 $aPeptides$xSynthesis 615 0$aMicrobial growth. 615 0$aMolecular biology. 615 0$aMicroorganisms$xDevelopment. 615 0$aPeptides$xSynthesis. 676 $a576.131 700 $aRo?nicke$b Franziska$01583082 801 0$bMiAaPQ 801 1$bMiAaPQ 801 2$bMiAaPQ 906 $aBOOK 912 $a9910794967603321 996 $aSynthese und in vivo Screening einer Bibliothek zellpenetrierender Peptoide zur Isolation organspezifischer Transportmoleku?le$93865910 997 $aUNINA